[Event "BLR-ch U20 Girls"]
[Site "Minsk"]
[Date "2008.04.16"]
[Round "3"]
[White "Klimets, Elena"]
[Black "Kirpichenko, Ekaterina"]
[Result "1/2-1/2"]
[WhiteElo "2113"]
[BlackElo "2061"]
[PlyCount "49"]
[EventDate "2008.04.14"]
[EventType "tourn"]
[EventRounds "9"]
[EventCountry "BLR"]
[SourceTitle "EXT 2011"]
[Source "ChessBase"]
[SourceDate "2010.11.26"]
[SourceVersion "1"]
[SourceVersionDate "2010.11.26"]
[SourceQuality "1"]

1. d4 d5 2. Nf3 Nf6 3. e3 g6 4. Bd3 Bg7 5. 0-0 0-0 6. Nbd2 Nbd7 7. Ne1 e5 8. c3 c5 9. dxe5 Nxe5 10. Ndf3 Nxd3 11. Nxd3 b6 12. Nf4 Bb7 13. Qd3 Qc7 14. Rd1 Rad8 15. Ne2 Ng4 16. h3 Ne5 17. Nxe5 Qxe5 18. Bd2 Rd7 19. Be1 Rfd8 20. a4 a6 21. Rac1 Qf6 22. b4 Qc6 23. b5 axb5 24. axb5 Qd6 25. Ra1 1/2-1/2

[Event "Rodatychi op"]
[Site "Rodatychi"]
[Date "2006.08.27"]
[Round "1"]
[White "Kirpichenko, Ekaterina"]
[Black "Grekh, Andrey"]
[Result "1-0"]
[WhiteElo "1971"]
[BlackElo "2370"]
[PlyCount "113"]
[EventDate "2006.08.27"]
[EventType "swiss"]
[EventRounds "9"]
[EventCountry "UKR"]
[SourceTitle "EXT 2008"]
[Source "ChessBase"]
[SourceDate "2007.11.25"]
[SourceVersion "1"]
[SourceVersionDate "2007.11.25"]
[SourceQuality "1"]

1. e4 c5 2. Nc3 Nc6 3. f4 e6 4. Nf3 d5 5. Bb5 Nf6 6. Bxc6+ bxc6 7. e5 Nd7 8. d3 f6 9. 0-0 Be7 10. Qe1 0-0 11. Qg3 Qe8 12. Nd1 Qg6 13. Qxg6 hxg6 14. Ne3 Ba6 15. b3 Bd8 16. Bb2 Rb8 17. Rab1 Bc7 18. c4 Rf7 19. Ng4 Bb7 20. exf6 Nxf6 21. Bxf6 gxf6 22. Nh6+ Kg7 23. Nxf7 Kxf7 24. g3 a5 25. Rbe1 Ba6 26. Nd2 a4 27. Rf2 Ba5 28. Rb1 Bxd2 29. Rxd2 dxc4 30. dxc4 Bxc4 31. Rd7+ Ke8 32. Rh7 Rb4 33. Rc1 axb3 34. axb3 Bxb3 35. Rxc5 Rc4 36. Rxc4 Bxc4 37. Kf2 Kf8 38. Ke3 Bb3 39. Rc7 Bd5 40. Kd4 Bf3 41. Kc5 e5 42. fxe5 fxe5 43. Kd6 e4 44. Rxc6 Kg7 45. Ke5 e3 46. Rc3 e2 47. Re3 g5 48. Kf5 g4 49. Kf4 Kg6 50. h3 Kf6 51. hxg4 Bd5 52. Rxe2 Bc4 53. Re5 Bd3 54. Rd5 Be2 55. g5+ Kg7 56. Rd6 Bb5 57. Kg4 1-0